Library Banner

Gray's anatomy : (Record no. 114306)

MARC details
000 -LEADER
fixed length control field 00446nam a22001577a 4500
005 - DATE AND TIME OF LATEST TRANSACTION
control field 20191022094552.0
008 - FIXED-LENGTH DATA ELEMENTS--GENERAL INFORMATION
fixed length control field 191022b ||||| |||| 00| 0 eng d
020 ## - INTERNATIONAL STANDARD BOOK NUMBER
International Standard Book Number 9789387938557
040 ## - CATALOGING SOURCE
Transcribing agency PK-LaUMT
082 ## - DEWEY DECIMAL CLASSIFICATION NUMBER
Classification number 612
Item number GRA-G
100 ## - MAIN ENTRY--PERSONAL NAME
Personal name Gray, Henry
245 ## - TITLE STATEMENT
Title Gray's anatomy :
Remainder of title descriptive and surgical /
Statement of responsibility, etc by Henry Gray
260 ## - PUBLICATION, DISTRIBUTION, ETC. (IMPRINT)
Place of publication, distribution, etc New Delhi :
Name of publisher, distributor, etc Medtech; Scientific International Pvt. Ltd,
Date of publication, distribution, etc 2017
300 ## - PHYSICAL DESCRIPTION
Extent 778 p.
942 ## - ADDED ENTRY ELEMENTS (KOHA)
Koha item type Books
Holdings
Withdrawn status Lost status Damaged status Home library Current library Date acquired Full call number Barcode Date last seen Price effective from Koha item type
      UMT Health Sciences Campus UMT Health Sciences Campus 2019-10-22 612 GRA-G 132177 2020-11-20 2019-10-22 Books